[Event "ESP-chT CECLUB Div2"]
[Site "Linares"]
[Date "2020.08.24"]
[Round "1.5"]
[White "Cortes Segura, Vicente"]
[Black "Jimenez Fernandez, Rebeca"]
[Result "0-1"]
[WhiteElo "1301"]
[BlackElo "1882"]
[PlyCount "84"]
[EventDate "2020.08.24"]
[EventType "team-tourn"]
[EventRounds "6"]
[EventCountry "ESP"]
[SourceTitle "CBM 198 Extra"]
[Source "ChessBase"]
[SourceDate "2020.11.30"]
[SourceVersion "1"]
[SourceVersionDate "2020.11.30"]
[SourceQuality "1"]
[WhiteTeam "Jaen Casino Primitivo"]
[BlackTeam "Albacete Excalibur"]
[WhiteTeamCountry "ESP"]
[BlackTeamCountry "ESP"]

1. e4 c5 2. Nc3 Nc6 3. g3 g6 4. Bg2 Bg7 5. d3 d6 6. f4 e6 7. Nf3 Nge7 8. 0-0 0-0 9. Rb1 Rb8 10. Ne2 b5 11. c3 b4 12. cxb4 Nxb4 13. a3 Nbc6 14. h3 a5 15. d4 cxd4 16. Nexd4 Nxd4 17. Nxd4 d5 18. exd5 Nxd5 19. Kh1 Nc3 20. Nc6 Nxd1 21. Nxd8 Rxd8 22. Bf3 Nxb2 23. Bxb2 Rxb2 24. Rxb2 Bxb2 25. a4 Ba6 26. Rf2 Bc3 27. Rc2 Bb4 28. Bc6 Bd3 29. Rc1 Rc8 30. Rd1 Rxc6 31. Rxd3 Rc1+ 32. Kg2 Ra1 33. h4 Rxa4 34. Kh3 Ra1 35. Rd8+ Kg7 36. Rd7 a4 37. Ra7 a3 38. Kg2 a2 39. Kf3 Rf1+ 40. Ke2 a1Q 41. Rxa1 Rxa1 42. Kd3 Be1 0-1